Drama TV by Episode Title Quiz Stats

 Plays Quiz Updated Apr 30, 2017

Support Sporcle.
Go Orange.
Score 0/20 Timer 05:00
4 Plays Today
% Correct
Breaking Bad
84%
24
83.5%
Star Trek
72.2%
Mad Men
71%
Game of Thrones
64.7%
True Blood
60.2%
The Walking Dead
59.7%
Mr. Robot
59.2%
House, M.D.
55.3%
Columbo
53.4%
% Correct
Quantum Leap
51.9%
Battlestar Galactica
39.9%
Buffy the Vampire Slayer
35.7%
The West Wing
32.3%
The Sopranos
32.2%
Supernatural
31.1%
Dallas
30.3%
Lost
28.9%
The X-Files
28%
ER
20.9%

You're not logged in!

Compare scores with friends on all Sporcle quizzes.
OR
Log In
Forgot?

From the Vault

Mixed Flags

by chaosBEE

Vexillology meets mad science experiment.
Remove Ads.
Support Sporcle.
Get the best of Sporcle when you Go Orange. This ad-free experience offers more features, more stats, and more fun while also helping to support Sporcle. Thank you for becoming a member.

Show Comments

Extras

Top Quizzes Today


Score Distribution

Your Account Isn't Verified!

In order to create a playlist on Sporcle, you need to verify the email address you used during registration. Go to your Sporcle Settings to finish the process.

Report this User

Report this user for behavior that violates our Community Guidelines.

Details: